Hotels y catering (Registro nro. 3543)
[ vista simple ]
| 000 -CABECERA | |
|---|---|
| campo de control de longitud fija | 01013nam a22003497a 4500 |
| 005 - FECHA Y HORA DE ACTUALIZACIÓN | |
| campo de control | 20221019132612.0 |
| 008 - LONGITUD FIJA | |
| campo de control de longitud fija | 150302b xxu||||| |||| 00| 0 ES d |
| 041 ## - IDIOMA | |
| Código de idioma del texto/pista de sonido o título separado | |
| 082 ## - CLASIFICACIÓN DECIMAL DEWEY | |
| Número de clasificación | 428.3 E242h |
| 100 ## - AUTOR PERSONAL | |
| Nombre de persona | Evans, Virginia |
| 245 ## - TÍTULO PROPIAMENTE DICHO | |
| Título | Hotels y catering |
| 260 ## - PIE DE IMPRENTA | |
| Lugar de publicación, distribución, etc. | Estados Unidos |
| Nombre del editor, distribuidor, etc. | Express Publishing |
| Fecha de publicación, distribución, etc. | 2011 |
| 505 ## - Nota de Contenido | |
| Nota de contenido | Contiene disco compacto N° 691 |
| 650 ## - Materia General | |
| Materia general | INGLÉS - ENSEÑANZA |
| 650 ## - Materia General | |
| Materia general | HOTELES |
| 650 ## - Materia General | |
| Materia general | CATERING |
| 650 ## - Materia General | |
| Materia general | HOTELERÍA |
| 650 ## - Materia General | |
| Materia general | RESTAURANTES |
| 650 ## - Materia General | |
| Materia general | RESERVACIONES |
| 650 ## - Materia General | |
| Materia general | EVENTOS ESPECIALES |
| 650 ## - Materia General | |
| Materia general | VALET SERVICE |
| 650 ## - Materia General | |
| Materia general | FOOD SERVICE EQUIPMENT |
| 650 ## - Materia General | |
| Materia general | UTENSILS |
| 650 ## - Materia General | |
| Materia general | ROOM RESERVATION |
| 650 ## - Materia General | |
| Materia general | HOUSEKEEPING |
| 650 ## - Materia General | |
| Materia general | AIRPORT TRANSFERS |
| 650 ## - Materia General | |
| Materia general | ROOM SERVICE |
| 650 ## - Materia General | |
| Materia general | RESERVATIONS |
| 650 ## - Materia General | |
| Materia general | KITCHEN SAFETY |
| 650 ## - Materia General | |
| Materia general | BUSSINESS TRAVELERS |
| 942 ## - Punto de Acceso Adicional Koha | |
| Tipo de ítem Koha | Libro |
| Estado perdido | Estado dañado | No para préstamo | Biblioteca permanente | Biblioteca actual | Signatura completa | Código de barras | Precio efectivo a partir del | Tipo de ítem |
|---|---|---|---|---|---|---|---|---|
| Departamento de Biblioteca y Documentación Alfonso Chase Brenes | Departamento de Biblioteca y Documentación Alfonso Chase Brenes | 428.3 E242h | 19544 | 01/03/2016 | Libro | |||
| Departamento de Biblioteca y Documentación Alfonso Chase Brenes | Departamento de Biblioteca y Documentación Alfonso Chase Brenes | 428.3 E242h | 19545 | 01/03/2016 | Libro | |||
| Departamento de Biblioteca y Documentación Alfonso Chase Brenes | Departamento de Biblioteca y Documentación Alfonso Chase Brenes | 428.3 E242h | 19546 | 01/03/2016 | Libro | |||
| Departamento de Biblioteca y Documentación Alfonso Chase Brenes | Departamento de Biblioteca y Documentación Alfonso Chase Brenes | 428.3 E242h | 19005 | 01/03/2016 | Libro | |||
| Departamento de Biblioteca y Documentación Alfonso Chase Brenes | Departamento de Biblioteca y Documentación Alfonso Chase Brenes | 428.3 E242h | 19006 | 01/03/2016 | Libro | |||
| Departamento de Biblioteca y Documentación Alfonso Chase Brenes | Departamento de Biblioteca y Documentación Alfonso Chase Brenes | 428.3 E242h | 19007 | 01/03/2016 | Libro | |||
| Dañado | Departamento de Biblioteca y Documentación Alfonso Chase Brenes | Departamento de Biblioteca y Documentación Alfonso Chase Brenes | 428.3 E242h | 691CDC | Disco Compacto | |||
| Dañado | Departamento de Biblioteca y Documentación Alfonso Chase Brenes | Departamento de Biblioteca y Documentación Alfonso Chase Brenes | 428.3 E242h | 691EDC | Disco Compacto | |||
| Dañado | Departamento de Biblioteca y Documentación Alfonso Chase Brenes | Departamento de Biblioteca y Documentación Alfonso Chase Brenes | 428.3 E242h | 691DDC | Disco Compacto | |||
| Departamento de Biblioteca y Documentación Alfonso Chase Brenes | Departamento de Biblioteca y Documentación Alfonso Chase Brenes | 428.3 E242h | 691FDC | Disco Compacto | ||||
| Departamento de Biblioteca y Documentación Alfonso Chase Brenes | Departamento de Biblioteca y Documentación Alfonso Chase Brenes | 428.3 E242h | 691ADC | Disco Compacto | ||||
| Dañado | Departamento de Biblioteca y Documentación Alfonso Chase Brenes | Departamento de Biblioteca y Documentación Alfonso Chase Brenes | 428.3 E242h | 691BDC | Disco Compacto |